000 01238nas a2200421 4500
001 BR2011003286
003 BR-BrBNA
005 20231205115011.0
007 ta
008 230509b bl.|||p| |||| 00| 00por d
040 _aBR-BrBNA
_bpor
_cBiblioteca Nacional de Agricultura
041 _a(Pt)
072 _aL02; Q54
100 1 _aSilva, T.M.
100 1 _aOliveira, R.L.
100 1 _aBarbosa, L.P.
100 1 _aGarcez Neto, A.F.
100 1 _aBagaldo, A.R.
100 1 _aJesus, I.B.
100 1 _aMacome, F.M.
100 1 _aRibeiro, C.V.D.M.
245 1 _aComponentes corporais de caprinos jovens 3/4 Boer submetidos a dietas com óleo de licuri (Syagrus coronata)
650 _aCAPRINO
650 _aDIETA
650 _aCOMPOSIÇÃO QUÍMICA
650 _aÓLEO
650 _aOURICURI
650 _aSYAGRUS CORONATA
650 _aPALMEIRA OLEAGINOSA
650 _aBIOMETRIA
650 _aCARCAÇA
650 _aCONDIÇÃO CORPORAL
650 _aABATE
650 _aBROMATOLOGIA
773 0 _tArquivo Brasileiro de Medicina Veterinária e Zootecnia (Brazil)
_xISSN 0102-0935
_g(Dec 2010), v. 62(6) p. 1448-1454
_wBR2011003286
909 _a202311
_bLúcia
_c55
_dLúcia Elande
942 _2AGRIS
_n0
_cANA
999 _c211605
_d211605